Mortal Kombat 11 Characters - Statistics

General Stats
  • This quiz has been taken 156 times
  • The average score is 20 of 25
Answer Stats
Answer % Correct
Sub-Zero
94%
Scorpion
93%
Liu Kang
90%
Cassie Cage
88%
Johnny Cage
88%
Sonya Blade
87%
Kitana
86%
Kung Lao
86%
Raiden
86%
Jade
85%
Kotal Kahn
84%
Shao Kahn
84%
Jax Briggs
79%
Kano
79%
Skarlet
76%
Jacqui Briggs
75%
D'vorah
74%
Erron Black
73%
Noob Saibot
73%
Baraka
72%
Geras
72%
Frost
70%
Cetrion
69%
Kollector
68%
Kabal
67%
No matching quizzes found
Score Distribution
Percent of People with Each Score
Percentile by Number Answered
Your Score History
You have not taken this quiz